| 000 | 00974nas a2200313 4500 | ||
|---|---|---|---|
| 001 | BR2011005472 | ||
| 003 | BR-BrBNA | ||
| 005 | 20231205115619.0 | ||
| 007 | ta | ||
| 008 | 230509b bl.|||p| |||| 00| 00por d | ||
| 040 |
_aBR-BrBNA _bpor _cBiblioteca Nacional de Agricultura |
||
| 041 | _a(Pt) | ||
| 072 | _aJ11 | ||
| 100 | 1 | _aCoelho, S.R.M. | |
| 100 | 1 | _aPrudêncio, S.H. | |
| 100 | 1 | _aSachs, L.G. | |
| 100 | 1 | _aBenassi, M. de T. | |
| 245 | 1 | _aAlterações na cor do feijão (Phaseolus vulgaris L.)durante o armazenamento utilizando software para reconhecimento de imagens digitais | |
| 650 | _aFEIJÃO | ||
| 650 | _aPHASEOLUS VULGARIS | ||
| 650 | _aARMAZENAMENTO | ||
| 650 | _aCOR | ||
| 650 | _aPÓS-COLHEITA | ||
| 650 | _aQUALIDADE | ||
| 650 | _aENVELHECIMENTO | ||
| 773 | 0 |
_tRevista Brasileira de Armazenamento (Brazil) _xISSN 0100-3518 _g(2009), v. 34(1) p. 49-57 _wBR2011005472 |
|
| 909 |
_a202311 _bLúcia _c55 _dLúcia Elande |
||
| 942 |
_2AGRIS _n0 _cANA |
||
| 999 |
_c214794 _d214794 |
||